Solo Violinists' First Names - Statistics

General Stats
  • This quiz has been taken 156 times
  • The average score is 9 of 12
Answer Stats
Names % Correct
{Hilary} Hahn
97%
{Ray} Chen
84%
{Janine} Jansen
81%
{David} Oistrakh
79%
{Joshua} Bell
78%
{Maxim} Vengerov
77%
{Itzhak} Perlman
76%
{Isaac} Stern
69%
{Julia} Fischer
64%
{Sarah} Chang
57%
{Leonidas} Kavakos
54%
{Gil} Shaham
51%
No matching quizzes found
Score Distribution
Percent of People with Each Score
Percentile by Number Answered
Your Score History
You have not taken this quiz